| 000 | 00509nam a2200181Ia 4500 | ||
|---|---|---|---|
| 005 | 20250317125846.0 | ||
| 008 | 008 250317s9999 xx 000 0 eng d | ||
| 037 | _aTextbook | ||
| 040 |
_aFMSL _beng _cFMSL |
||
| 041 |
_aeng _2eng |
||
| 084 |
_aX62:Z2 M9 _qFMSL |
||
| 100 |
_aTan M L _9735852 |
||
| 245 | 0 | _aBanking law and practice in India | |
| 260 |
_aNew Delhi _bNew Delhi, Orient Law House _c1989 |
||
| 300 | _a866p | ||
| 942 |
_cTB _hX62:Z2 M9 |
||
| 999 |
_c1261269 _d1261269 |
||